Malalties de transmissió sexual : I : SIDA I :

Publicado: Barcelona : Diputació de Barcelona, dl 1990
Descripción Física: 21 p. : il. ; 16'5 x 24 cm
Materias: Sida

MARC

LEADER 00000nam a2200000Ia 4500
001 9001
008 160829s9999 xx 000 0 cat d
080 |a FU-9-55 
245 |a Malalties de transmissió sexual :  |b  I :  |b  SIDA 
260 |a Barcelona :  |b Diputació de Barcelona, dl 1990 
300 |a 21 p. :  |b  il. ;  |c 16'5 x 24 cm 
650 |a Sida  |9 44372 
710 1 |a Barcelona (Catalunya : Província).  |b Diputació  |9 52408 
901 |a Arxiu 
942 |n 1 
952 |0 0  |1 0  |4 0  |6 FU955  |7 1  |9 42072  |a Arxiu  |b Arxiu  |d 2016-12-01  |l 0  |o FU-9-55  |p 9001  |r 2016-12-01 00:00:00  |w 2016-12-01  |y ARXIU 
999 |c 44519  |d 44519